National statistics on the index of production and the index of construction (Record no. 111451)

MARC details
000 -LEADER
fixed length control field 01089cad a22002055a 4500
001 - CONTROL NUMBER
control field L151569
008 - FIXED-LENGTH DATA ELEMENTS--GENERAL INFORMATION
fixed length control field 101118s2010 xxk f 000 0 eng d
035 ## - SYSTEM CONTROL NUMBER
System control number (Sirsi) u151569
041 0# - LANGUAGE CODE
Language code of text/sound track or separate title eng
110 2# - MAIN ENTRY--CORPORATE NAME
Corporate name or jurisdiction name as entry element Wales
Subordinate unit Welsh Assembly Government
245 00 - TITLE STATEMENT
Title National statistics on the index of production and the index of construction
Remainder of title quarter 2, 2010
Medium [electronic resource]
260 ## - PUBLICATION, DISTRIBUTION, ETC.
Place of publication, distribution, etc. Cardiff
Name of publisher, distributor, etc. Welsh Assembly Government
Date of publication, distribution, etc. 2010
490 #0 - SERIES STATEMENT
Series statement National Statistics on the Index of Production and the Index of Construction
Volume/sequential designation (SDR 155/2010) 28 September 2010
520 ## - SUMMARY, ETC.
Summary, etc. The Index of Production and the Index of Construction for Wales show the short term movements in the output of industries in the production and construction sectors within Wales including new data for the three months to June relating to the second quarter of 2010.
590 ## - LOCAL NOTE (RLIN)
Local note KA NTK
651 #4 - SUBJECT ADDED ENTRY--GEOGRAPHIC NAME
Geographic name Wales
Chronological subdivision 2007-
690 ## - LOCAL SUBJECT ADDED ENTRY--TOPICAL TERM (OCLC, RLIN)
Topical term or geographic name as entry element BUILT ENVIRONMENT-CONSTRUCTION MARKET
856 40 - ELECTRONIC LOCATION AND ACCESS
Uniform Resource Identifier <a href="https://wales.gov.uk/docs/statistics/2010/100928sdr1552010en.pdf">https://wales.gov.uk/docs/statistics/2010/100928sdr1552010en.pdf</a>
Public note View the item free of charge at http://wales.gov.uk
942 ## - ADDED ENTRY ELEMENTS (KOHA)
Suppress in OPAC 0
Holdings
Withdrawn status Lost status Source of classification or shelving scheme Damaged status Not for loan Home library Current library Shelving location Date acquired Total Checkouts Full call number Barcode Date last seen Copy number Price effective from Koha item type
    Dewey Decimal Classification     Virtual Virtual Online 18/11/2010   ONLINE PUBLICATION 151569-1001 06/08/2019 1 06/08/2019 Book